Inversión extranjera y grupos económicos en El Salvador
Estudia las características del capital extranjero invertido en sociedades anónimas salvadoreñas, muestra la vinculación entre el capital extranjero y los grupos económicos dominantes en El Salvador, incluye cuadros sobre origen de capitales y capital por sector./ALLV
Salvato in:
| Autore principale: | |
|---|---|
| Natura: | testo |
| Soggetti: | |
| Tags: |
Aggiungi Tag
Nessun Tag, puoi essere il primo ad aggiungerne!!
|
MARC
| LEADER | 00000 a a2200000 04500 | ||
|---|---|---|---|
| 001 | 19626 | ||
| 003 | |||
| 040 | |||
| 090 | |a 078200 | ||
| 100 | |a Mena Rodríguez, David | ||
| 245 | |a Inversión extranjera y grupos económicos en El Salvador | ||
| 300 | |a 27 p. | ||
| 520 | |a Estudia las características del capital extranjero invertido en sociedades anónimas salvadoreñas, muestra la vinculación entre el capital extranjero y los grupos económicos dominantes en El Salvador, incluye cuadros sobre origen de capitales y capital por sector./ALLV | ||
| 650 | |a INVERSIONES EXTRANJERAS | ||
| 650 | |a GRUPOS DE INTERESES | ||
| 999 | |c 8125 |d 8125 | ||
